000
00350nam a2200157Ia 4500
003
OSt
005
20240209122329.0
008
170524s9999 xx 000 0 und d
020
_a
9780198091790
040
_c
IIMT UNIVERSITY
100
_a
LUENBERGER DAVID
100
_c
2012
245
0
_a
INVESTMENT SCIENCE
260
_a
OXFORD
942
_2
ddc
_c
01
999
_c
2764
_d
2764